000 00565nam a22002177a 4500
003 OSt
005 20140310181938.0
008 130724t xxu||||| |||| 00| 0 eng d
020 _a0553213709
050 _aPQ 2288 .H895 1984
082 _aCLA H87h 1984
100 _aHugo, Victor
_93495
245 _aThe hunchback of Notre Dame. /
_cVictor Hugo.
260 _aNew York :
_bBantam Books,
_cc1984.
300 _a304 p.:
_c18 cm.
541 _j1
541 _j2
562 _e2
650 _aGothic Fiction
_93507
942 _2lcc
_cBBK
_kCLA
999 _c7592
_d7592